00810nam a22002777a 4500001001000000003000500010005001700015008004100032010001100073011001100084020001800095035001100113040000900124082001800133110000800151245011900159260002400278300002900302650002500331650003800356650002300394650002800417650004200445650002700487700001800514000107464CHAP20220817044540.0120912s2012 it a rn 00010 eng d a103926 a104898 a9789251068984 a115588 cCHAP04a307.72bF211y2 aFAO10aGood practices in building innovative rural institutions to increase food security /cpor Denis Herbel ...[et al]. aRoma :bFAO,c2012. a119 p. :bilus., tablas.04aComunidades rurales.04aDesarrollo de la comunidad rural.04aEducación rural.04aInstituciones sociales.04aRecursos naturalesxAdministración.04aSeguridad alimentaria.1 aHerbel, Denis